🩘Pays avec des animaux emblĂ©matiques - Statistiques

Statistiques générales
  • Ce quiz a Ă©tĂ© pris 145 fois
  • Le rĂ©sultat moyen est 11 sur 16
Statistiques - réponses
Animaux Pays % Correct
KangourouKoala Diable de Tasmanie Australie
100%
Panda GéantTigre Grue Chine
94%
Ours PolaireCaribou Castor Canada
90%
Coq SanglierRenard France
78%
ÉlĂ©phantTigre Paon bleu Inde
77%
Kiwi Kakapo Tuatara Nouvelle-Zélande
76%
Condor Lama Alpaga Pérou
63%
RenneÉlan Glouton Norvùge
62%
GirafeZĂšbre Gnou Tanzanie ou Kenya
61%
Ours BrunLoup Lynx boréal Russie
60%
ChamoisMarmotte Bouquetin Suisse
60%
ZĂšbreGirafe Springbok Afrique du Sud
54%
LémurienAye-aye Fossa Madagascar
54%
Dragon de KomodoOrang-outan Tigre Indonésie
51%
OkapiGorille Bonobo République Démocratique du Congo
45%
JaguarTapir Capybara Brésil
44%
Aucun quiz correspondant
Distribution des résultats
% des personnes avec chaque résultat
Percentile par nombre de réponses
Votre historique - résultats
Vous n’avez pas pris ce quiz